Culture cinématographique - Série 03 - Statistiques

Statistiques générales
  • Ce quiz a été pris 449 fois
  • Le résultat moyen est 6 sur 10
Statistiques - réponses
Question Réponse % Correct
Quelle actrice incarne "Amélie Poulain" dans le film "Le fabuleux destin d'Amélie Poulain" réalisé en 2001 par Jean Pierre Jeunet ? Audrey Tautou
90%
Quel acteur incarne "John McClane" dans le film "Piège de cristal" réalisé en 1988 par John McTiernan ? Bruce Willis
85%
Qui incarne "Martin" dans le film "La traversée de Paris" réalisé en 1956 par Claude Autant-Lara ? André Bourvil
73%
Qui incarne " Guillaume de Baskerville" dans le film "Le nom de la rose" réalisé en 1986 par Jean-Jacques Annaud ? Sean Connery
71%
Qui incarne "Grandgil" dans le film "La traversée de Paris" réalisé en 1956 par Claude Autant-Lara ? Jean Gabin
66%
Qui incarne "Axel Foley" dans "Le flic de Beverly Hills" réalisé en 1984 par Martin Brest ? Eddie Murphy
65%
Quel acteur incarne "Eliot Ness" dans le film "Les incorruptibles" réalisé en 1987 par Brian De Palma ? Kevin Costner
59%
Quel acteur incarne "Ben Hur" dans le film du même nom réalisé en 1959 par William Wyler ? Charlton Heston
56%
Quel acteur incarne le "shérif Will Kane" dans le film "Le train sifflera trois fois" réalisé en 1952 par Fred Zinnemann ? Gary Cooper
33%
Quel acteur incarne "Robert de Neuville" dans le film "Le miracle des loups" réalisé en 1961 par André Hunebelle ? Jean Marais
25%
Aucun quiz correspondant
Distribution des résultats
% des personnes avec chaque résultat
Percentile par nombre de réponses
Votre historique - résultats
Vous n’avez pas pris ce quiz